000 00776na a2200277 4500
001 19514
003 MIRAKIL
005 20181213154756.0
008 170112b tu 000 0
020 _a9758640836
040 _aMilas
_btur
_cTR-AnCHP
041 _atur
082 _a658.3
_bÇ23 2003
090 _a658.3 Ç23 2003
245 _aÇağdaş işletme teknikleri
_cAykut Göksel, ...[ve öte.]; editör Birol Bumin
260 _aAnkara
_bGazi Kitabevi
_c2003
300 _a103 s.
_c20 sm.
500 _aYapıt yazarından imzalı
500 _aDizin var.
500 _aKaynakça var.
650 _aİşletmeler
_xTakım çalışması
_zTürkiye
650 _aİşletme
_zTürkiye
700 _aGöksel, Aykut
700 _aBumin, Birol
942 _2ddc
_cBKS
999 _c631
_d631